Т. 19, № 2; Георесурсы

Bibliographische Detailangaben
Parent link:Георесурсы: научный журнал. Т. 19, № 2.— , 2016-.— 1608-5078
Sprache:Russisch
Veröffentlicht: 2017
Schlagworte:
Online-Zugang:https://geors.ru/archive/journal/65/
https://elibrary.ru/contents.asp?id=34520505
Format: MixedMaterials Elektronisch Buch
KOHA link:https://koha.lib.tpu.ru/cgi-bin/koha/opac-detail.pl?biblionumber=578063

MARC

LEADER 00000nam2a2200000 4500
001 578063
005 20231101130431.0
035 |a (RuTPU)RU\TPU\prd\277533 
035 |a RU\TPU\prd\277532 
090 |a 578063 
100 |a 20180528a19999999k y0rusy50 ca 
101 0 |a rus 
102 |a RU 
181 0 |a i  
182 0 |a b 
200 0 |a Т. 19, № 2  |b Электронный ресурс 
203 |a Текст  |c электронный 
210 |d 2017 
461 1 |0 (RuTPU)RU\TPU\prd\277527  |x 1608-5078  |t Георесурсы  |o научный журнал  |v Т. 19, № 2  |d 2016- 
610 1 |a электронный ресурс 
801 0 |a RU  |b 63413507  |c 20010227  |g PSBO 
801 1 |a RU  |b 63413507  |c 20170309 
801 2 |a RU  |b 63413507  |c 20180528  |g RCR 
856 4 0 |u https://geors.ru/archive/journal/65/ 
856 4 0 |u https://elibrary.ru/contents.asp?id=34520505 
942 |c BK